Диалог с Россией (Запис номер 65049)
[ съкратено ]
| 000 -Лидер | |
|---|---|
| Контролно поле с фиксирана дължина | 01754nam a2200373 c 4500 |
| 003 - Код на организацията, давaща контролен номер | |
| Контролно поле | BLK |
| 005 - Дата и час на последна редакция | |
| Контролно поле | 20210205132615.0 |
| 008 - Елементи от данни с фиксирана дължина | |
| fixed length control field | 180408b bul|||||r ||||||| ||bul|| |
| 010 ## - Наследен системен номер | |
| LC control number | KNG00069323000 |
| 020 ## - Международен стандартен номер на книга ISBN | |
| Международен стандартен номер на книга ISBN | 954-18-0412-8 |
| 040 ## - Източник на каталожния запис | |
| Идентификатор на билиотеката - собственик на записа | BLK |
| 041 ## - Код за език | |
| Код за езика на текст/звукозапис или на отделно заглавие | Руски |
| Код за езика КДБФ | Руски |
| Други езици | Български |
| 080 ## - УДК | |
| Текстов определител УДК | Руски език |
| УДК код - определител по УДК | 811.161.1 |
| УДК определител | (075.3) |
| УДК - код + определител | 811.161.1(075.3) |
| 100 1# - Редна дума - Автор | |
| Автор | Изворска, Лиляна Петрова |
| Авторска отговорност | първи автор |
| R(LIN) | 364245 |
| 139 ## - Редно поле | |
| Редна дума | Изворска, Лиляна Петрова и др. |
| Авторски знак | Изво - И 38 |
| 245 10 - Сведения за заглавието | |
| Заглавие | Диалог с Россией |
| Подзаглавни данни | Учебник для ХІ кл. : Третий год обучения - профилированная подготовка |
| Редно поле (дума) | Лиляна Петрова Изворска; съавт. Галина Георгиева Лилова; съавт. Елена Владимировна Димитрова. |
| 257 ## - Страна на издаване | |
| Страна на създаване/издаване | България |
| 260 ## - Област на издателските данни | |
| Име на издателя, разпространителя и проч. | Булвест 2000 |
| Година на издаване | 2005 |
| Печатница | София : Вулкан |
| Място на издаване, разпространение и проч. | София |
| 300 ## - Физическа характеристика | |
| Страници | 143 с. |
| Илюстрации и др. | с ил. |
| Размери/Мащаб | 28 см |
| 380 ## - Жанр | |
| Жанр | Езикознание. Филология |
| 500 ## - Общи забележки | |
| Забележка | Съдържа и Русско-болгарский словарь. |
| 650 #4 - Допълнително описание по предмет – тема | |
| Основно описание – тема или топоним | Руски език - учебници за средни училища |
| 9 (RLIN) | 245720 |
| 653 ## - Ключова дума – ненормативна | |
| Ключова дума | руски език |
| 653 ## - Ключова дума – ненормативна | |
| Ключова дума | учебници за средни училища |
| 653 ## - Ключова дума – ненормативна | |
| Ключова дума | ХІ кл. |
| 653 ## - Ключова дума – ненормативна | |
| Ключова дума | профилирана подготовка |
| 700 1# - Други автори (авторска отговорност) | |
| Лично име | Лилова, Галина Георгиева |
| Автороска отговорност (Описва отношението между автора и произведението) | съавт. |
| 9 (RLIN) | 364694 |
| 700 1# - Други автори (авторска отговорност) | |
| Лично име | Димитрова, Елена Владимировна |
| Автороска отговорност (Описва отношението между автора и произведението) | съавт. |
| 9 (RLIN) | 292285 |
| 852 ## - Местоположение | |
| Форматна сигнатура | Цб ІІ 14089 |
| 856 4# - Електронен адрес и достъп | |
| Електронен формат | pdf - файл |
| 856 4# - Електронен адрес и достъп | |
| Електронен формат | pdf - файл |
| 999 ## - СИСТЕМНИ КОНТРОЛНИ НОМЕРА | |
| Koha biblionumber | 65049 |
| Koha biblioitemnumber | 65049 |
| 942 ## - АРТИКУЛИ | |
| Вид на библиотечния материал | Книги |
| Скрит в OPAC | Не |
| Koha issues (borrowed), all copies | 1 |
| Периодичен библиозапис | Да |
| 944 ## - СЪЗДАВАНЕ И РЕДАКЦИЯ на ЗАПИСА | |
| Създаване/Редакция | Създаване |
| Дата на регистрацията/редакция | 10.11.2006 |
| Статус, дата на статуса | ф / |
| Служител, извършил регистрацията/редакцията | Виолета_Тройчева |
| 944 ## - СЪЗДАВАНЕ И РЕДАКЦИЯ на ЗАПИСА | |
| Създаване/Редакция | Редакция |
| Дата на регистрацията/редакция | 04.02.2014 |
| Статус, дата на статуса | ф / |
| 999 ## - СИСТЕМНИ КОНТРОЛНИ НОМЕРА | |
| Koha biblioitemnumber | 65049 |
| Код за отписване | Код за изгубен артикул | Източник на класификационната схема | Код за повреда | Коз за рестрикции | Код за отдаване | Артикулен № | Име на библиотеката - собственик | Име на библиотеката, в която се намира в момента | Статус (Текущо местоположение) | Дата на вписване в системата | Местоположение - отдел | Цена в лева | Инвентарен номер | Систематично азбучна сигнатура | Баркод | Номер на екземпляра | Цена в евро | Служебна бележка | Служебен тип на артикула |
|---|---|---|---|---|---|---|---|---|---|---|---|---|---|---|---|---|---|---|---|
| Не е изгубен | Universal Decimal Classification | Не е повреден | без рестрикции | ползва се в читалня | 107353 | Регионална библиотека "Любен Каравелов" Русе | Регионална библиотека "Любен Каравелов" Русе | Хранилище | 2006-11-10 | Хранилище | 6.00 | 120000706600 | Цб ІІ 14089 | 120000706600 | 1 | 3.07 | Дост: Dp Вид: Д N: 50 Дата: 30.11.2005 | Книги | |
| Не е изгубен | Universal Decimal Classification | Не е повреден | без рестрикции | заемане за дома | 107354 | Регионална библиотека "Любен Каравелов" Русе | Регионална библиотека "Любен Каравелов" Русе | Заемна - подръчен фонд | 2011-09-07 | Заемна - подръчен фонд | 9.20 | 120000752806 | 811/И 38 Л | 120000752806 | 2 | 4.70 | Дост: DA Вид: А N: 14 Дата: 07.09.2011 Дата инв: 08.02.2018 Бележки инв: П2018 | Книги |